| 000 | 00433nam a2200181Ia 4500 | ||
|---|---|---|---|
| 001 | 24195 | ||
| 005 | 20260414151027.0 | ||
| 008 | 260414t2004||||xx |||||||||||||| ||spa|| | ||
| 041 | _aESP | ||
| 082 |
_a792.026 _bR23 |
||
| 100 |
_aRamírez Barrionuevo, Ma. Carmen _eAUT |
||
| 245 | 0 |
_aDecorados y vestuario _b |
|
| 260 | _c2004 | ||
| 300 |
_a200 páginas : _ccm. |
||
| 650 | _aABD | ||
| 654 | _aCAU | ||
| 942 |
_cLIB _dJUS _fJUS _2ddc _n |
||
| 999 |
_c24195 _d24195 |
||